000 00434nam a2200169Ia 4500
001 23393
005 20260414150934.0
008 260414t1998||||xx |||||||||||||| ||spa||
041 _aESP
082 _a631.8660985
_bG366
100 _aGootenberg, Paul
_eAUT
245 0 _aImaginar el desarrollo :
_blas ideas económicas en el Perú postcolonial
260 _c1998
650 _aCNM
654 _aCCN
942 _cLIB
_dJUS
_fJUS
_2ddc
_n
999 _c23393
_d23393